A change of direction (Record no. 111006)

MARC details
000 -LEADER
fixed length control field 01089cad a22002175a 4500
001 - CONTROL NUMBER
control field L150884
008 - FIXED-LENGTH DATA ELEMENTS--GENERAL INFORMATION
fixed length control field 100909s2010 xxk f 000 0 eng d
035 ## - SYSTEM CONTROL NUMBER
System control number (Sirsi) u150884
041 0# - LANGUAGE CODE
Language code of text/sound track or separate title eng
050 04 - LIBRARY OF CONGRESS CALL NUMBER
Classification number 333.33 $2 19
110 2# - MAIN ENTRY--CORPORATE NAME
Corporate name or jurisdiction name as entry element Savills Research
9 (RLIN) 5211
245 02 - TITLE STATEMENT
Title A change of direction
Remainder of title How the first six months of 2010 have changed the housing market
Medium [electronic resource]
260 ## - PUBLICATION, DISTRIBUTION, ETC.
Place of publication, distribution, etc. London
Name of publisher, distributor, etc. Savills Research
Date of publication, distribution, etc. 2010
490 #0 - SERIES STATEMENT
Series statement Residential Property Focus
Volume/sequential designation August 2010
520 ## - SUMMARY, ETC.
Summary, etc. United kingdom (UK) house price increases in first half 2010 are due to supply/demand imbalance. Notes regional variations and difference in prime and secondary. Predicts that average prices will return to end of 2008 levels by end of 2011 and will return back to peak of 2007 levels by 3 Quarter 2014.
590 ## - LOCAL NOTE (RLIN)
Local note KA
651 #4 - SUBJECT ADDED ENTRY--GEOGRAPHIC NAME
Geographic name United Kingdom
Chronological subdivision
690 ## - LOCAL SUBJECT ADDED ENTRY--TOPICAL TERM (OCLC, RLIN)
Topical term or geographic name as entry element PROPERTY-RESIDENTIAL PROPERTY-RESIDENTIAL PROPERTY MARKET
856 40 - ELECTRONIC LOCATION AND ACCESS
Uniform Resource Identifier <a href="https://www.savills.com/uk-research/residential-property-focus-august-2010.pdf">https://www.savills.com/uk-research/residential-property-focus-august-2010.pdf</a>
Public note View this item free of charge at www.savills.com
942 ## - ADDED ENTRY ELEMENTS (KOHA)
Suppress in OPAC 0
Holdings
Withdrawn status Lost status Source of classification or shelving scheme Damaged status Not for loan Home library Current library Shelving location Date acquired Total Checkouts Full call number Barcode Date last seen Copy number Price effective from Koha item type
    Dewey Decimal Classification     Virtual Virtual Online 09/09/2010   ONLINE PUBLICATION 150884-2001 06/08/2019 1 06/08/2019 Book